000 01169cam a22002651 4500
001 e 50000036
003 DLC
005 20260227111234.0
008 770426s1950 xx 000 0 eng c
010 _ae 50000036
035 _a(OCoLC)2918051
040 _aU.S. Office of Education
_cNcCuW
_dDLC
042 _apremarc
050 0 0 _aL111
_b.A614 no. 12
082 _a379.152
100 1 _aBeach, Fred Francis,
_d1905-
245 1 4 _aThe functions of state departments of education,
_bwith an inventory of the services provided by the 48 departments,
_cby Fred F. Beach in cooperation with the Study Commission of the National Council of Chief State School Officers.
260 _a[Washington]
_bFederal Security Agency, Office of Education
_c[1950]
300 _aix, 70 p.
_bdiagr.
_c29 cm.
410 1 0 _aUnited States.
_bOffice of Education.
_tMisc[ellaneous]
_vno. 12
501 _aWith: FM for education / William Dow Boutwell. Washington : U.S. Govt. Print.Off., 1944. Bound together subsequent to publication.
_5DLC
504 _aBibliography: p. 24-25.
650 0 _aEducation
_zUnited States.
650 0 _aSchool management and organization
_zUnited States.
999 _c22136
_d22136